[Event "4NCL Division 1c"]
[Site "Hinckley Island ENG"]
[Date "2014.03.23"]
[Round "8.141"]
[White "Devereaux, Maxim L"]
[Black "Howell, David WL"]
[Result "0-1"]
[WhiteElo "2345"]
[BlackElo "2648"]
[PlyCount "108"]
[EventDate "2014.03.23"]
[WhiteTeam "Barbican 4NCL 2"]
[BlackTeam "Wood Green HK 1"]

1. e4 e5 2. Nf3 Nc6 3. Bc4 Bc5 4. b4 Bxb4 5. c3 Ba5 6. d4 d6 7. Qb3 Qd7 8. dxe5
Bb6 9. Nbd2 dxe5 10. Bb5 f6 11. O-O a6 12. Be2 Na5 13. Qc2 Qc6 14. Ba3 Ne7 15.
Bb4 Bd7 16. a4 Qe6 17. Bxa5 Bxa5 18. Nc4 Bb6 19. Rfb1 Ba7 20. Rxb7 Qc6 21. Na5
Qc5 22. Nb3 Qxf2+ 23. Kh1 Bc6 24. Rb4 O-O 25. Nbd4 Kh8 26. Ne6 a5 27. Rc4 Rfc8
28. Rf1 Qe3 29. Rxc6 Nxc6 30. Bc4 Ne7 31. Re1 Qb6 32. Qd3 Qd6 33. Qe2 Ng6 34.
h4 Qe7 35. Qd2 Nf8 36. Nxf8 Rxf8 37. Rf1 Qe8 38. Qe1 Qxa4 39. Bd5 Rad8 40. h5
Qe8 41. Qh4 Be3 42. Qh3 Bh6 43. Nh2 Qd7 44. Ng4 Bf4 45. Qf3 f5 46. Nf2 fxe4 47.
Bxe4 Bh6 48. Qg3 Rf4 49. Bf3 Qe7 50. Nh3 Qh4 51. Qh2 Rf5 52. Rb1 Bf4 53. Qg1
Qg3 54. c4 e4 0-1

[Event "4NCL Division 1c"]
[Site "Hinckley Island ENG"]
[Date "2014.03.23"]
[Round "8.142"]
[White "Pert, Nicholas"]
[Black "Chapman, Terry PD"]
[Result "1-0"]
[WhiteElo "2554"]
[BlackElo "2300"]
[PlyCount "53"]
[EventDate "2014.03.23"]
[WhiteTeam "Wood Green HK 1"]
[BlackTeam "Barbican 4NCL 2"]

1. d4 Nf6 2. Nf3 c5 3. d5 b5 4. Bg5 Qb6 5. e3 Ne4 6. Bh4 Bb7 7. a4 a6 8. Be2 h6
9. Qd3 f5 10. Ne5 g6 11. axb5 axb5 12. Rxa8 Bxa8 13. Nxg6 Qxg6 14. Qxb5 Kf7 15.
Qxb8 Bg7 16. Qc7 Qxg2 17. Rf1 Nf6 18. c4 Qe4 19. Bxf6 Kxf6 20. Nd2 Qe5 21. Qxd7
Rb8 22. Bh5 Qd6 23. Ne4+ fxe4 24. Qg4 Rxb2 25. Qg6+ Ke5 26. Qxg7+ Qf6 27. Qg3+
1-0

[Event "4NCL Division 1c"]
[Site "Hinckley Island ENG"]
[Date "2014.03.23"]
[Round "8.144"]
[White "Baburin, Alexander"]
[Black "Sanders, Isaac B"]
[Result "1-0"]
[WhiteElo "2503"]
[BlackElo "2270"]
[PlyCount "41"]
[EventDate "2014.03.23"]
[WhiteTeam "Wood Green HK 1"]
[BlackTeam "Barbican 4NCL 2"]

1. d4 Nf6 2. c4 e6 3. Nc3 Bb4 4. Qc2 c5 5. dxc5 Bxc5 6. Nf3 Qb6 7. e3 Qc7 8. b3
b6 9. Bb2 a6 10. Ne4 Nxe4 11. Qxe4 O-O 12. Qg4 Bb4+ 13. Kd1 f6 14. Bd3 Bb7 15.
h4 Bxf3+ 16. gxf3 Nc6 17. Rg1 Rf7 18. Bxf6 Qd6 19. Ke2 Qf8 20. Qh5 h6 21. Bb2
1-0

[Event "4NCL Division 1c"]
[Site "Hinckley Island ENG"]
[Date "2014.03.23"]
[Round "8.145"]
[White "Morrison, Graham"]
[Black "McDonald, Neil R"]
[Result "1/2-1/2"]
[WhiteElo "2362"]
[BlackElo "2436"]
[PlyCount "64"]
[EventDate "2014.03.23"]
[WhiteTeam "Barbican 4NCL 2"]
[BlackTeam "Wood Green HK 1"]

1. d4 e6 2. c4 f5 3. g3 d5 4. Bg2 Nf6 5. Nf3 c6 6. O-O Bd6 7. Qc2 O-O 8. Nc3 b6
9. cxd5 exd5 10. Bf4 Ne4 11. Bxd6 Qxd6 12. Ne5 Ba6 13. Rfe1 Bb7 14. e3 Nd7 15.
Nxd7 Qxd7 16. Ne2 a5 17. Nf4 Ba6 18. Rac1 Rac8 19. Nd3 Qd6 20. f3 Bxd3 21. Qxd3
Ng5 22. Qb3 c5 23. dxc5 bxc5 24. Red1 c4 25. Qc3 Rfd8 26. Qxa5 Ra8 27. Qd2 Rxa2
28. Rxc4 dxc4 29. Qxd6 Rxd6 30. Rxd6 Rxb2 31. Rc6 Rb1+ 32. Kf2 Rb2+ 1/2-1/2

[Event "4NCL Division 1c"]
[Site "Hinckley Island ENG"]
[Date "2014.03.23"]
[Round "8.146"]
[White "Pert, Richard G"]
[Black "Knott, Simon JB"]
[Result "1/2-1/2"]
[WhiteElo "2436"]
[BlackElo "2323"]
[PlyCount "57"]
[EventDate "2014.03.23"]
[WhiteTeam "Wood Green HK 1"]
[BlackTeam "Barbican 4NCL 2"]

1. e4 e6 2. d4 d5 3. Nd2 c5 4. Ngf3 Nc6 5. exd5 exd5 6. Be2 Nf6 7. O-O Bd6 8.
dxc5 Bxc5 9. Nb3 Bb6 10. Bg5 O-O 11. Nfd4 Ne5 12. c3 h6 13. Bh4 Ng6 14. Bg3 Ne4
15. a4 a6 16. a5 Ba7 17. Nd2 Nxg3 18. hxg3 Ne5 19. N2f3 Nc6 20. Qa4 Bd7 21.
Nxc6 Bxc6 22. Qb4 Re8 23. Bd3 Qf6 24. Rfe1 g6 25. Rad1 Kg7 26. Bc2 Rad8 27. Nd4
h5 28. Rf1 Re7 29. Bd3 1/2-1/2

[Event "4NCL Division 1c"]
[Site "Hinckley Island ENG"]
[Date "2014.03.23"]
[Round "8.147"]
[White "Sands, David A"]
[Black "Shaw, John K"]
[Result "1/2-1/2"]
[WhiteElo "2227"]
[BlackElo "2421"]
[PlyCount "57"]
[EventDate "2014.03.23"]
[WhiteTeam "Barbican 4NCL 2"]
[BlackTeam "Wood Green HK 1"]

1. d4 d5 2. c4 c6 3. Nf3 Nf6 4. e3 Bf5 5. cxd5 cxd5 6. Qb3 Qc7 7. Bd2 e6 8.
Bb5+ Nc6 9. O-O Bd6 10. Bb4 O-O 11. Bxc6 bxc6 12. Nbd2 Rab8 13. Bxd6 Qxd6 14.
Qc3 Nd7 15. Nb3 Rfc8 16. Rfc1 f6 17. Nfd2 Kf7 18. f3 Qb4 19. Qxb4 Rxb4 20. Rc3
Ke7 21. Rac1 Kd6 22. e4 Bg6 23. exd5 exd5 24. Re3 Re8 25. Rec3 Rc8 26. Re1 Re8
27. Rec1 Rc8 28. Re1 Re8 29. Rec1 1/2-1/2

[Event "4NCL Division 1c"]
[Site "Hinckley Island ENG"]
[Date "2014.03.23"]
[Round "8.148"]
[White "Arakhamia-Grant, Ketevan E"]
[Black "Keen, Cosima C"]
[Result "1-0"]
[WhiteElo "2390"]
[BlackElo "1733"]
[PlyCount "73"]
[EventDate "2014.03.23"]
[WhiteTeam "Wood Green HK 1"]
[BlackTeam "Barbican 4NCL 2"]

1. e4 c6 2. d4 d5 3. e5 Bf5 4. Nf3 e6 5. Nbd2 Nd7 6. Nb3 Be7 7. Be2 Bg6 8. O-O
Nh6 9. a4 Nf5 10. a5 O-O 11. g4 Nh4 12. Nxh4 Bxh4 13. f4 f5 14. g5 h6 15. gxh6
gxh6 16. Kh1 Kh7 17. Be3 Rg8 18. Rg1 Qc7 19. Qf1 b6 20. Qh3 Be7 21. Bh5 Bxh5
22. Qxh5 Raf8 23. Rxg8 Rxg8 24. Qf7+ Rg7 25. Qxe6 Nf8 26. Qxf5+ Kh8 27. Qh3 Kh7
28. Nd2 c5 29. f5 Bg5 30. f6 Rg6 31. Bxg5 Rxg5 32. Nf3 Rg6 33. Qf5 cxd4 34. Nh4
Qd7 35. Qxd7+ Nxd7 36. axb6 Nxb6 37. Rxa7+ 1-0

[Event "4NCL Division 1c"]
[Site "Hinckley Island ENG"]
[Date "2014.05.03"]
[Round "9.111"]
[White "Wells, Peter K"]
[Black "Giri, Anish"]
[Result "0-1"]
[WhiteElo "2464"]
[BlackElo "2745"]
[PlyCount "82"]
[EventDate "2014.05.03"]
[WhiteTeam "White Rose 1"]
[BlackTeam "Guildford 1"]

1. d4 d5 2. c4 e6 3. Nc3 Bb4 4. e3 Nf6 5. Bd3 O-O 6. Nf3 c5 7. O-O dxc4 8. Bxc4
Nc6 9. a3 Bxc3 10. bxc3 Qc7 11. Ba2 e5 12. h3 Bf5 13. d5 Rad8 14. c4 Ne7 15.
Bb2 Ng6 16. Nh2 Ne8 17. f4 exf4 18. exf4 Nd6 19. g4 Be4 20. Qd2 f5 21. Rae1
Rde8 22. g5 h6 23. Re3 hxg5 24. Rg3 Nxf4 25. Rxf4 gxf4 26. Rxg7+ Qxg7+ 27. Bxg7
Kxg7 28. Qxf4 Rf6 29. Nf1 Rh8 30. h4 Rg6+ 31. Ng3 Nf7 32. Kf2 Rg4 33. Nxf5+
Bxf5 34. Qxf5 Rhxh4 35. Qd7 Rh2+ 36. Kf3 Rg1 37. Bb1 Rf1+ 38. Kg3 Rh5 39. Bd3
Rg5+ 40. Kh2 Rf2+ 41. Kh1 Rf6 0-1

[Event "4NCL Division 1c"]
[Site "Hinckley Island ENG"]
[Date "2014.05.03"]
[Round "9.112"]
[White "Sadler, Matthew D"]
[Black "Adair, James R"]
[Result "1-0"]
[WhiteElo "2649"]
[BlackElo "2424"]
[PlyCount "87"]
[EventDate "2014.05.03"]
[WhiteTeam "Guildford 1"]
[BlackTeam "White Rose 1"]

1. e4 c5 2. Nf3 e6 3. g3 d5 4. exd5 exd5 5. d4 Nc6 6. Bg2 Bg4 7. O-O cxd4 8.
Re1+ Be7 9. Nbd2 Nf6 10. Nb3 O-O 11. Nbxd4 Nxd4 12. Qxd4 Rc8 13. Qd3 Bc5 14.
Be3 Bxe3 15. Rxe3 Qb6 16. Rb1 Ne4 17. c3 Bf5 18. Nh4 Be6 19. Nf3 Bf5 20. Nh4
Be6 21. Re2 Rfd8 22. Rbe1 g6 23. a3 Nf6 24. Nxg6 hxg6 25. Rxe6 Rc6 26. R6e2
Rcd6 27. Bf3 a5 28. Kg2 Kg7 29. Rc2 Qb3 30. Rd2 b5 31. Qd4 b4 32. cxb4 axb4 33.
Re3 Qc4 34. axb4 Qxd4 35. Rxd4 Rb8 36. Be2 Rc6 37. Rc3 Rxc3 38. bxc3 Ne4 39.
Rd3 Rc8 40. Rxd5 Rxc3 41. Bf3 Nf6 42. Rd4 Ne8 43. b5 Rb3 44. Bc6 1-0

[Event "4NCL Division 1c"]
[Site "Hinckley Island ENG"]
[Date "2014.05.03"]
[Round "9.113"]
[White "Palliser, Richard JD"]
[Black "Edouard, Romain"]
[Result "0-1"]
[WhiteElo "2448"]
[BlackElo "2670"]
[PlyCount "100"]
[EventDate "2014.05.03"]
[WhiteTeam "White Rose 1"]
[BlackTeam "Guildford 1"]

1. d4 e6 2. c4 b6 3. e4 Bb7 4. Bd3 f5 5. exf5 Bb4+ 6. Kf1 Nf6 7. Nf3 O-O 8. Nc3
exf5 9. Bxf5 Bxc3 10. bxc3 Ne4 11. Bxe4 Bxe4 12. Ng5 Bf5 13. g4 Bg6 14. h4 Qf6
15. Rh2 h6 16. h5 hxg5 17. hxg6 Qxg6 18. Rh5 Nc6 19. Bxg5 Rae8 20. Kg2 Na5 21.
Qh1 Kf7 22. Rd1 Nxc4 23. Kg3 Re4 24. Bf4 Nd6 25. Rg5 Qf6 26. Bxd6 Qxd6+ 27. Kg2
Kg8 28. Rh5 Qg6 29. Rh8+ Kf7 30. Rxf8+ Kxf8 31. f3 Re2+ 32. Kf1 Qc2 33. Qh8+
Kf7 34. Qh5+ Kg8 35. Re1 Rxe1+ 36. Kxe1 Qb1+ 37. Kf2 Qxa2+ 38. Kg3 Qe6 39. Qg5
Qd6+ 40. Kg2 a5 41. c4 Qxd4 42. Qd8+ Kh7 43. Qxc7 a4 44. Qh2+ Kg6 45. Qh5+ Kf6
46. Qf5+ Ke7 47. Qc2 a3 48. Kg3 Kd8 49. Qa4 Qe5+ 50. f4 Qa5 0-1

[Event "4NCL Division 1c"]
[Site "Hinckley Island ENG"]
[Date "2014.05.03"]
[Round "9.114"]
[White "Short, Nigel D"]
[Black "McNab, Colin A"]
[Result "1-0"]
[WhiteElo "2661"]
[BlackElo "2448"]
[PlyCount "53"]
[EventDate "2014.05.03"]
[WhiteTeam "Guildford 1"]
[BlackTeam "White Rose 1"]

1. d4 d6 2. e4 g6 3. Be3 Bg7 4. Qd2 Nf6 5. f3 c6 6. Ne2 e5 7. Nbc3 Qe7 8. O-O-O
O-O 9. g4 b5 10. Ng3 exd4 11. Bxd4 b4 12. Nce2 c5 13. Be3 Ne8 14. Bh6 Bxh6 15.
Qxh6 Nc6 16. Nf4 Ne5 17. Nd5 Qe6 18. Be2 f6 19. Nf5 gxf5 20. gxf5 Qf7 21. Rhg1+
Ng7 22. f4 Kh8 23. fxe5 dxe5 24. Ne3 Bb7 25. Bc4 Qe7 26. Rg4 Ne8 27. Rd7 1-0

[Event "4NCL Division 1c"]
[Site "Hinckley Island ENG"]
[Date "2014.05.03"]
[Round "9.115"]
[White "Van de Griendt, Jan W"]
[Black "Jones, Gawain CB"]
[Result "0-1"]
[WhiteElo "2347"]
[BlackElo "2650"]
[PlyCount "114"]
[EventDate "2014.05.03"]
[WhiteTeam "White Rose 1"]
[BlackTeam "Guildford 1"]

1. d4 d6 2. e4 Nf6 3. f3 g6 4. c4 Bg7 5. Nc3 O-O 6. Bg5 Nc6 7. Nge2 a6 8. Qd2
Rb8 9. d5 Ne5 10. Nd4 c5 11. Nc2 Nh5 12. Be2 b5 13. cxb5 axb5 14. Nxb5 f5 15.
exf5 Bxf5 16. O-O Nf7 17. Be3 Bd7 18. a4 Bxb2 19. Ra2 Bg7 20. Nca3 g5 21. g3
Bh3 22. Rf2 e6 23. Bf1 Bxf1 24. Rxf1 Qe7 25. Nc4 exd5 26. Qxd5 Nf6 27. Qd2 d5
28. Na5 Rfc8 29. Rc2 h6 30. Kh1 g4 31. Bf4 Ra8 32. Re1 Qd7 33. Rec1 gxf3 34.
Nb3 Ne4 35. Qe3 Rxa4 36. Nxc5 Qxb5 37. Qxf3 Rxc5 38. Rxc5 Nxc5 39. Qxd5 Ra1 40.
Rxa1 Bxa1 41. Qa8+ Kh7 42. Qxa1 Nd3 43. Qd4 Qb1+ 44. Kg2 Qc2+ 45. Kh3 Nf2+ 46.
Kg2 Ng4+ 47. Qd2 Qe4+ 48. Kg1 Nfe5 49. Bxe5 Nxe5 50. Qa5 Qe3+ 51. Kf1 Qf3+ 52.
Kg1 Qd1+ 53. Kf2 Ng4+ 54. Kg2 Qe2+ 55. Kh3 Nf2+ 56. Kg2 Ne4+ 57. Kh3 Ng5+ 0-1

[Event "4NCL Division 1c"]
[Site "Hinckley Island ENG"]
[Date "2014.05.03"]
[Round "9.116"]
[White "Van Kampen, Robin"]
[Black "Townsend, M Paul"]
[Result "1-0"]
[WhiteElo "2630"]
[BlackElo "2242"]
[PlyCount "69"]
[EventDate "2014.05.03"]
[WhiteTeam "Guildford 1"]
[BlackTeam "White Rose 1"]

1. e4 e6 2. d4 d5 3. Nc3 Bb4 4. e5 c5 5. a3 Bxc3+ 6. bxc3 Qc7 7. Nf3 b6 8. Bb5+
Bd7 9. Bd3 Ba4 10. O-O Nd7 11. Ng5 c4 12. Be2 h6 13. Nh3 Ne7 14. Nf4 g6 15. Bg4
Nf8 16. h4 O-O-O 17. h5 Nf5 18. Be3 Qe7 19. Ra2 Rg8 20. Bd2 Nh7 21. Nh3 Ng5 22.
hxg6 Nxh3+ 23. Bxh3 Rxg6 24. Kh2 Qh4 25. Qf3 Rdg8 26. Rg1 Rg4 27. g3 Qh5 28.
Be1 R4g5 29. Qxh5 Rxh5 30. Bd2 Rg4 31. f3 Rg8 32. g4 Nh4 33. Rf1 Rhg5 34. Be1
Ng6 35. f4 1-0

[Event "4NCL Division 1c"]
[Site "Hinckley Island ENG"]
[Date "2014.05.03"]
[Round "9.117"]
[White "Maroroa, Sue Y"]
[Black "Hebden, Mark L"]
[Result "1-0"]
[WhiteElo "2131"]
[BlackElo "2545"]
[PlyCount "87"]
[EventDate "2014.05.03"]
[WhiteTeam "White Rose 1"]
[BlackTeam "Guildford 1"]

1. e4 e5 2. Nf3 Nc6 3. Bc4 Nf6 4. d4 exd4 5. e5 Ne4 6. Qe2 Nc5 7. Ng5 Ne6 8.
Nxe6 dxe6 9. O-O Qh4 10. Nd2 Bd7 11. Nf3 Qh5 12. c3 dxc3 13. bxc3 Bc5 14. Rd1
O-O-O 15. Bg5 Ne7 16. Bb5 c6 17. Qc4 b6 18. Bxe7 cxb5 19. Qe4 Kb8 20. Bxd8 Rxd8
21. a4 bxa4 22. Rxa4 Qf5 23. Qh4 Rc8 24. Raa1 Bc6 25. Nd4 Qxe5 26. Nxc6+ Rxc6
27. Qxh7 Qf6 28. Rd7 Bxf2+ 29. Kh1 Qxc3 30. Rad1 Qf6 31. Qe4 Rc7 32. Rd8+ Rc8
33. R8d7 Rc7 34. Rd8+ Rc8 35. Rxc8+ Kxc8 36. Qa8+ Kc7 37. Qxa7+ Kc6 38. Qd7+
Kc5 39. Qd6+ Kb5 40. Qd3+ Kc6 41. Qd7+ Kc5 42. Rc1+ Kb4 43. Qd2+ Ka4 44. Rb1
1-0

[Event "4NCL Division 1c"]
[Site "Hinckley Island ENG"]
[Date "2014.05.03"]
[Round "9.118"]
[White "Stefanova, Antoaneta"]
[Black "Weller, Jean-Luc"]
[Result "1/2-1/2"]
[WhiteElo "2489"]
[BlackElo "2191"]
[PlyCount "107"]
[EventDate "2014.05.03"]
[WhiteTeam "Guildford 1"]
[BlackTeam "White Rose 1"]

1. d4 Nf6 2. Nf3 e6 3. e3 c5 4. Bd3 d5 5. b3 Nc6 6. Bb2 Bd6 7. Ne5 Qa5+ 8. Nd2
cxd4 9. exd4 Ba3 10. Bxa3 Qxa3 11. c3 Nxe5 12. dxe5 Nd7 13. Nf3 Nc5 14. Be2 Bd7
15. O-O O-O 16. Qd4 Ne4 17. Bd3 Rac8 18. Bxe4 dxe4 19. Nd2 Bb5 20. c4 Rfd8 21.
Qe3 Rd3 22. Qf4 Bc6 23. Nxe4 Bxe4 24. Qxe4 Rd7 25. Rad1 Rcd8 26. Qe2 g6 27.
Rxd7 Rxd7 28. g3 Qa5 29. Ra1 Qc3 30. Qe1 Rd2 31. a4 Qd3 32. a5 a6 33. Rc1 Kg7
34. b4 Re2 35. Qc3 Qxc3 36. Rxc3 Rb2 37. c5 Rxb4 38. c6 bxc6 39. Rxc6 Rb5 40.
Rxa6 Rxe5 41. h4 Rb5 42. Kg2 Rb3 43. Rb6 Ra3 44. a6 Kf6 45. g4 h6 46. f3 Ra1
47. Kg3 Ra4 48. Rc6 Ke5 49. Rc7 f5 50. gxf5 gxf5 51. a7 Kf6 52. f4 Kg6 53. Re7
Kh5 54. Rxe6 1/2-1/2

[Event "4NCL Division 1c"]
[Site "Hinckley Island ENG"]
[Date "2014.05.03"]
[Round "9.121"]
[White "Suarez Real, Alberto"]
[Black "Hawkins, Jonathan"]
[Result "1-0"]
[WhiteElo "2398"]
[BlackElo "2518"]
[PlyCount "69"]
[EventDate "2014.05.03"]
[WhiteTeam "Guildford 2"]
[BlackTeam "Cheddleton 1"]

1. e4 c6 2. d4 d5 3. Nc3 dxe4 4. Nxe4 Nd7 5. Ng5 Ngf6 6. Bd3 e6 7. N1f3 Bd6 8.
Qe2 h6 9. Ne4 Nxe4 10. Qxe4 Qc7 11. O-O b6 12. Qg4 Kf8 13. b3 Bb7 14. Bb2 Nf6
15. Qh3 Nd5 16. g3 Nb4 17. Be4 f5 18. Ng5 Qe7 19. Nxe6+ Qxe6 20. Bxf5 Qf7 21.
Rae1 Re8 22. Re6 Rxe6 23. Bxe6 Qf6 24. Bc8 Ba8 25. Re1 Nd5 26. Re6 Qd8 27. Qf5+
Nf6 28. d5 Kf7 29. Rxf6+ gxf6 30. Be6+ Kg7 31. Qg4+ Kf8 32. Qg6 Qe7 33. Bxf6
Qh7 34. Qg4 cxd5 35. Bxh8 1-0

[Event "4NCL Division 1c"]
[Site "Hinckley Island ENG"]
[Date "2014.05.03"]
[Round "9.122"]
[White "Williams, Simon K"]
[Black "Smerdon, David"]
[Result "1/2-1/2"]
[WhiteElo "2463"]
[BlackElo "2510"]
[PlyCount "108"]
[EventDate "2014.05.03"]
[WhiteTeam "Cheddleton 1"]
[BlackTeam "Guildford 2"]

1. d4 Nf6 2. c4 e6 3. Nf3 c5 4. d5 b5 5. Bg5 exd5 6. cxd5 d6 7. e3 a6 8. a4 b4
9. Nbd2 Be7 10. Nc4 Bb7 11. Bxf6 Bxf6 12. a5 O-O 13. Bd3 g6 14. Bc2 Qe7 15. O-O
Nd7 16. Ba4 Rad8 17. Qd3 Bg7 18. e4 f5 19. exf5 Rxf5 20. Rfe1 Ne5 21. Nfxe5
Bxe5 22. g3 Qf7 23. Nxe5 dxe5 24. Bb3 Rxf2 25. Rxe5 Rf8 26. Bc4 Rxb2 27. Qe3
Qf2+ 28. Qxf2 Rbxf2 29. Re7 Rc2 30. Bb3 Rb2 31. Rxb7 Rxb3 32. Rc1 Rf7 33. Rb6
Rd7 34. Rxc5 Rc3 35. Rxc3 bxc3 36. d6 c2 37. Rc6 Rxd6 38. Rxc2 Rd5 39. Ra2 Kf7
40. Kf2 Ke6 41. Ke3 Kd6 42. g4 Kc6 43. h4 Kb5 44. g5 Re5+ 45. Kd4 Rf5 46. Ke3
Rf7 47. Ra1 Rc7 48. Kf4 Rc4+ 49. Kg3 Rc7 50. Kf4 Kb4 51. Kg4 Rc4+ 52. Kg3 Rc8
53. Kg4 Rh8 54. h5 Rd8 1/2-1/2

[Event "4NCL Division 1c"]
[Site "Hinckley Island ENG"]
[Date "2014.05.03"]
[Round "9.123"]
[White "Zhou, Yang-Fan"]
[Black "Arkell, Keith CC"]
[Result "1-0"]
[WhiteElo "2478"]
[BlackElo "2461"]
[PlyCount "105"]
[EventDate "2014.05.03"]
[WhiteTeam "Guildford 2"]
[BlackTeam "Cheddleton 1"]

1. e4 c6 2. d4 d5 3. Nd2 dxe4 4. Nxe4 Nd7 5. Ng5 Ngf6 6. Bd3 Nb6 7. N1f3 Bg4 8.
Qe2 Bxf3 9. Nxf3 e6 10. O-O Be7 11. c4 O-O 12. Bf4 Nbd7 13. Rad1 Qa5 14. a3
Rfe8 15. Ne5 Nf8 16. Bg3 Qd8 17. Bc2 Qc8 18. Rd2 N6d7 19. f4 g6 20. h4 Nf6 21.
Rf3 Bd6 22. Bf2 h5 23. Rg3 Kg7 24. Rdd3 Qc7 25. Be1 b5 26. Rc3 Qb7 27. Rb3 a6
28. Qd3 Qe7 29. Bd2 bxc4 30. Nxc4 Nd5 31. Ne5 Qf6 32. Rg5 Rab8 33. Qxa6 Rxb3
34. Bxb3 Nxf4 35. Qf1 Nd5 36. Qxf6+ Nxf6 37. Bc2 N8h7 38. Rg3 Ng4 39. Bf4 c5
40. Nxg6 fxg6 41. Bxd6 cxd4 42. Rb3 e5 43. Rb7+ Kh6 44. Re7 Rc8 45. Rc7 Re8 46.
Re7 Rc8 47. Rc7 Re8 48. b4 Nhf6 49. b5 Nd5 50. Rf7 Nf4 51. b6 d3 52. Bxd3 Nxd3
53. b7 1-0

[Event "4NCL Division 1c"]
[Site "Hinckley Island ENG"]
[Date "2014.05.03"]
[Round "9.124"]
[White "Colovic, Aleksandar"]
[Black "Flear, Glenn C"]
[Result "1-0"]
[WhiteElo "2477"]
[BlackElo "2488"]
[PlyCount "57"]
[EventDate "2014.05.03"]
[WhiteTeam "Cheddleton 1"]
[BlackTeam "Guildford 2"]

1. c4 e6 2. d4 d5 3. Nc3 Nf6 4. Bg5 Nbd7 5. e3 c6 6. a3 h6 7. Bh4 Be7 8. Nf3
O-O 9. Bd3 dxc4 10. Bxc4 c5 11. O-O cxd4 12. Qxd4 Nb6 13. Be2 Qxd4 14. Nxd4 Bd7
15. Rfd1 Rfd8 16. Rac1 Rac8 17. Bf3 Nc4 18. b3 Ne5 19. Bxb7 Rc7 20. Ba6 Bxa3
21. Rc2 Bc8 22. Be2 Bb7 23. Ndb5 Rdc8 24. Nxc7 Rxc7 25. Bg3 Rc5 26. Ra2 Bb4 27.
Na4 Ra5 28. Rd8+ Kh7 29. Rb8 1-0

[Event "4NCL Division 1c"]
[Site "Hinckley Island ENG"]
[Date "2014.05.03"]
[Round "9.125"]
[White "Sarakauskas, Gediminas"]
[Black "Ziska, Helgi D"]
[Result "1/2-1/2"]
[WhiteElo "2402"]
[BlackElo "2484"]
[PlyCount "42"]
[EventDate "2014.05.03"]
[WhiteTeam "Guildford 2"]
[BlackTeam "Cheddleton 1"]

1. e4 c5 2. Nf3 d6 3. Bb5+ Nd7 4. d4 cxd4 5. Qxd4 a6 6. Bxd7+ Bxd7 7. Nc3 e5 8.
Qd3 h6 9. Nd2 Be6 10. Nc4 Rc8 11. Ne3 Be7 12. Ncd5 Nf6 13. Nxf6+ Bxf6 14. O-O
Bg5 15. Nd5 Bxd5 16. Qxd5 Qb6 17. c4 Qc6 18. b3 Qxd5 19. cxd5 Bxc1 20. Rfxc1
Kd7 21. Kf1 Rxc1+ 1/2-1/2

[Event "4NCL Division 1c"]
[Site "Hinckley Island ENG"]
[Date "2014.05.03"]
[Round "9.126"]
[White "Eggleston, David J"]
[Black "Wadsworth, Matthew J"]
[Result "1/2-1/2"]
[WhiteElo "2402"]
[BlackElo "2200"]
[PlyCount "115"]
[EventDate "2014.05.03"]
[WhiteTeam "Cheddleton 1"]
[BlackTeam "Guildford 2"]

1. e4 c6 2. d4 d5 3. Nc3 dxe4 4. Nxe4 Bf5 5. Ng3 Bg6 6. h4 h6 7. Nf3 Nd7 8. h5
Bh7 9. Bd3 Bxd3 10. Qxd3 e6 11. Bd2 Ngf6 12. O-O-O Be7 13. Ne4 Nxe4 14. Qxe4
Nf6 15. Qe2 Qd5 16. c4 Qe4 17. Qxe4 Nxe4 18. Be3 O-O 19. Ne5 Rfd8 20. g4 c5 21.
dxc5 Bxc5 22. Bxc5 Nxc5 23. Rxd8+ Rxd8 24. Rd1 Rxd1+ 25. Kxd1 f6 26. b4 Ne4 27.
Nd3 f5 28. f3 Nf6 29. Ne5 fxg4 30. fxg4 Kf8 31. Kd2 Ke7 32. Kd3 Kd6 33. Kd4 b6
34. c5+ bxc5+ 35. bxc5+ Kc7 36. Kc4 Nd5 37. a3 a6 38. Kb3 Ne7 39. Kc3 Nd5+ 40.
Kc4 Kb7 41. Kd4 Kc7 42. Ke4 Nf6+ 43. Ke3 Nd5+ 44. Ke4 Nf6+ 45. Kf3 Kb7 46. Kf4
Nd5+ 47. Kg3 Nf6 48. Nd3 Kc6 49. Kf4 a5 50. g5 hxg5+ 51. Kxg5 Nxh5 52. Kxh5 e5
53. Nxe5+ Kxc5 54. a4 Kb4 55. Kg6 Kxa4 56. Nc4 Kb4 57. Nxa5 Kxa5 58. Kxg7
1/2-1/2

[Event "4NCL Division 1c"]
[Site "Hinckley Island ENG"]
[Date "2014.05.03"]
[Round "9.127"]
[White "Wall, Gavin"]
[Black "Radovanovic, Jovica"]
[Result "0-1"]
[WhiteElo "2315"]
[BlackElo "2372"]
[PlyCount "56"]
[EventDate "2014.05.03"]
[WhiteTeam "Guildford 2"]
[BlackTeam "Cheddleton 1"]

1. e4 c5 2. Nf3 e6 3. c3 d5 4. e5 Nc6 5. d4 Bd7 6. dxc5 Bxc5 7. b4 Bb6 8. Bd3
Qc7 9. Bf4 Nge7 10. O-O f5 11. Na3 a6 12. h4 O-O 13. Qd2 Ng6 14. Rac1 Qd8 15.
h5 Nxf4 16. Qxf4 Qe7 17. Nc2 Rac8 18. h6 gxh6 19. g3 Qg7 20. Kg2 Bd8 21. Rce1
Bg5 22. Nxg5 hxg5 23. Qe3 f4 24. Qb6 Nxe5 25. Rxe5 Qxe5 26. Qxb7 Rc7 27. Qxa6
fxg3 28. f3 g4 0-1

[Event "4NCL Division 1c"]
[Site "Hinckley Island ENG"]
[Date "2014.05.03"]
[Round "9.128"]
[White "Steil-Antoni, Fiona"]
[Black "Ciuksyte, Dagne"]
[Result "1/2-1/2"]
[WhiteElo "2172"]
[BlackElo "2338"]
[PlyCount "79"]
[EventDate "2014.05.03"]
[WhiteTeam "Cheddleton 1"]
[BlackTeam "Guildford 2"]

1. e4 c5 2. c3 Nf6 3. e5 Nd5 4. d4 cxd4 5. cxd4 e6 6. Nf3 d6 7. Bc4 Nc6 8. O-O
Be7 9. Qe2 O-O 10. Re1 Nb6 11. Bd3 Nb4 12. exd6 Qxd6 13. Be4 N6d5 14. Nc3 Nf6
15. Bb1 Bd7 16. Ne4 Qb6 17. Nxf6+ Bxf6 18. Ne5 Rad8 19. Qe4 g6 20. Bh6 Bg7 21.
Bxg7 Kxg7 22. Ng4 Nc6 23. Ne3 Qxb2 24. Nc2 Bc8 25. Rd1 e5 26. d5 Rfe8 27. a4
Bf5 28. Qc4 Nd4 29. Nxd4 Qxa1 30. Nxf5+ gxf5 31. Bc2 Qb2 32. Bxf5 Rd6 33. h3
Red8 34. Rd3 Qa1+ 35. Kh2 Qe1 36. Rg3+ Rg6 37. Bxg6 hxg6 38. Re3 Qxf2 39. Rxe5
Qd2 40. Qe4 1/2-1/2

[Event "4NCL Division 1c"]
[Site "Hinckley Island ENG"]
[Date "2014.05.03"]
[Round "9.131"]
[White "Adams, Michael"]
[Black "Rendle, Thomas E"]
[Result "1-0"]
[WhiteElo "2753"]
[BlackElo "2398"]
[PlyCount "103"]
[EventDate "2014.05.03"]
[WhiteTeam "Wood Green HK 1"]
[BlackTeam "Grantham Sharks 1"]

1. e4 e6 2. d4 d5 3. Nd2 c5 4. Ngf3 cxd4 5. Nxd4 Nf6 6. exd5 Qxd5 7. Nb5 Na6 8.
Nc3 Qd8 9. a3 Be7 10. Qf3 Nc7 11. Bd3 Ncd5 12. Nde4 Nxc3 13. Nxc3 O-O 14. O-O
Qa5 15. Bf4 Qh5 16. Be4 Qxf3 17. Bxf3 Nd7 18. Rfd1 Bf6 19. Bd6 Rd8 20. a4 Nb6
21. Be5 Rxd1+ 22. Rxd1 Kf8 23. Bxf6 gxf6 24. Rd8+ Ke7 25. Rh8 Nc4 26. b3 Nd6
27. g4 a5 28. Nb5 Nxb5 29. axb5 Kd6 30. h4 Ke5 31. Rxh7 Bd7 32. Rxf7 Bxb5 33.
Rxb7 Kf4 34. Rxb5 Kxf3 35. g5 fxg5 36. hxg5 Rc8 37. c4 a4 38. g6 Rg8 39. bxa4
Rxg6+ 40. Kf1 Ke4 41. a5 Rh6 42. Rb6 Kd4 43. Ke2 Rh5 44. a6 Re5+ 45. Kf3 Rf5+
46. Kg3 Rg5+ 47. Kh4 Rf5 48. a7 Ra5 49. Rxe6 Rxa7 50. Kg5 Kxc4 51. f4 Kd5 52.
f5 1-0

[Event "4NCL Division 1c"]
[Site "Hinckley Island ENG"]
[Date "2014.05.03"]
[Round "9.132"]
[White "Roberson, Peter T"]
[Black "Laznicka, Viktor"]
[Result "0-1"]
[WhiteElo "2395"]
[BlackElo "2673"]
[PlyCount "60"]
[EventDate "2014.05.03"]
[WhiteTeam "Grantham Sharks 1"]
[BlackTeam "Wood Green HK 1"]

1. e4 d6 2. d4 Nf6 3. Nc3 Nbd7 4. f4 e5 5. Nf3 exd4 6. Qxd4 c6 7. Bd2 d5 8.
O-O-O Bc5 9. Qd3 O-O 10. exd5 Qc7 11. g3 Rd8 12. Bg2 Nb6 13. Rhe1 Bf8 14. Be3
Nbxd5 15. Nxd5 Rxd5 16. Bd4 Bf5 17. Qc4 Rb5 18. Be5 Qa5 19. Nd4 Rb4 20. Qc3 Bg4
21. Rd3 Qxa2 22. h3 Bd7 23. Nb3 Nd5 24. Bxd5 cxd5 25. Rxd5 Be6 26. Ra5 Ra4 27.
Rxa4 Qxa4 28. Re2 Rc8 29. Bc7 Qd7 30. f5 Bxb3 0-1